000
00318nam a2200133Ia 4500
005
20251222144735.0
008
251222s9999||||xx |||||||||||||| ||spa||
020
_a
958-653-426-X
082
_a
346.059/R75
100
_a
RodrÃguez Azuero, Sergio
245
0
_a
Negocios Fiduciarios:
264
_b
Legis
942
_c
LIB
999
_c
18749
_d
18749